| 000 | 00918nam a22002177a 4500 | ||
|---|---|---|---|
| 005 | 20110803153154.0 | ||
| 010 | _aB-437448 | ||
| 020 |
_a9788183281430 _c3495.00 |
||
| 035 | _aB-437448 | ||
| 035 | _aB-437448 | ||
| 037 | _bAllied/DE/2010/CR/0003015/31.3.11/293/24.3.11/191/31.3.11 | ||
| 082 | 0 | 4 |
_a954.00202 _222 |
| 245 | 0 | 0 |
_aIndia for a billion reasons / _cedited by Amit Dasgupta. |
| 260 |
_aNew Delhi : _bWisdom Tree, _c2010. |
||
| 300 |
_axvi, 204 p. : _bill. (chiefly col.) ; _c30 cm. (Hb) |
||
| 700 | 1 |
_aDasGupta, Amit. _931111 |
|
| 942 |
_2ddc _cEN _h954.00202 _mIND |
||
| 999 |
_c54808 _d54808 |
||